Countries with the most Germans - Statistics

General Stats
  • This quiz has been taken 65 times
  • The average score is 12 of 16
Answer Stats
Amount Answer % Correct
62,5m Germany
98%
46m United States
96%
1,5m France
91%
12m Brazil
89%
3m Canada
89%
144k Poland
89%
1m Russia
86%
266k United Kingdom
84%
301k Switzerland
82%
~600k Argentina
81%
742k Australia
79%
386k Netherlands
79%
500k Chile
67%
120k Hungary
40%
80k South Africa
40%
300k Paraguay
23%
No matching quizzes found
Score Distribution
Percent of People with Each Score
Percentile by Number Answered
Your Score History
You have not taken this quiz